[Event "3. Solskinsturnering 1976"]
[Site "Aarhus"]
[Date "1976.07.??"]
[Round "1"]
[White "De Bruycker, Bernard"]
[Black "Ogaard, Leif"]
[Result "0-1"]
[WhiteElo "2370"]
[BlackElo "2490"]
[PlyCount "64"]
[EventDate "1976.??.??"]
[EventType "tourn"]
[EventRounds "11"]
[EventCountry "DEN"]

1. d4 Nf6 2. g3 d5 3. Bg2 c6 4. Nf3 Bf5 5. O-O h6 6. c4 e6 7. Nc3 Nbd7 8. cxd5
exd5 9. Qb3 Qb6 10. Qa4 Bd6 11. Nd2 O-O 12. e4 dxe4 13. Nc4 Qc7 14. Nxd6 Qxd6
15. Bf4 Qe6 16. f3 Nb6 17. Qa5 exf3 18. Rfe1 Qd7 19. Bxf3 Bg4 20. Bg2 Qxd4+ 21.
Be3 Qd8 22. Qb4 Re8 23. h3 Be6 24. Rad1 Qc8 25. Qh4 Nbd5 26. Nxd5 Nxd5 27. Bxh6
gxh6 28. Qxh6 Bf5 29. Qg5+ Bg6 30. Rxe8+ Qxe8 31. Bxd5 cxd5 32. h4 Rc8 0-1

[Event "3. Solskinsturnering 1976"]
[Site "Aarhus"]
[Date "1976.07.??"]
[Round "1"]
[White "Fedder, Steen"]
[Black "Sloth, Jorn"]
[Result "1-0"]
[WhiteElo "2360"]
[BlackElo "2380"]
[PlyCount "74"]
[EventDate "1976.??.??"]
[EventType "tourn"]
[EventRounds "11"]
[EventCountry "DEN"]

1. d4 e6 2. c4 Nf6 3. g3 d5 4. Nf3 dxc4 5. Bg2 a6 6. a4 Nc6 7. a5 Bb4+ 8. Bd2
Be7 9. Qa4 Bd7 10. Qxc4 Na7 11. Ne5 Bb5 12. Qc3 Rb8 13. Na3 O-O 14. Rc1 Nd5 15.
Qb3 Be8 16. O-O Nb5 17. Nxb5 Bxb5 18. Rfe1 Rc8 19. e4 Nf6 20. Bc3 c5 21. d5
exd5 22. exd5 Ne8 23. Qd1 Nd6 24. Qg4 Bf6 25. Re3 g6 26. Ree1 Bg7 27. h4 h5 28.
Qf4 Rc7 29. b4 Re8 30. bxc5 Rxc5 31. Qb4 Qc7 32. Bd2 Nc4 33. Bf4 Qc8 34. Nxc4
Rxe1+ 35. Rxe1 Rxc4 36. Qe7 Bf8 37. Qg5 Qd7 1-0

[Event "3. Solskinsturnering 1976"]
[Site "Aarhus"]
[Date "1976.07.??"]
[Round "1"]
[White "Jakobsen, Ole"]
[Black "Keene, Raymond"]
[Result "1/2-1/2"]
[WhiteElo "2435"]
[BlackElo "2460"]
[PlyCount "50"]
[EventDate "1976.??.??"]
[EventType "tourn"]
[EventRounds "11"]
[EventCountry "DEN"]

1. c4 b6 2. Nc3 Bb7 3. e4 e6 4. Nge2 Nf6 5. f3 e5 6. d4 exd4 7. Nxd4 Bb4 8. Bg5
Bxc3+ 9. bxc3 h6 10. Bh4 d6 11. Nf5 O-O 12. Qd4 Nbd7 13. Be2 Re8 14. g4 Re5 15.
Rg1 Nf8 16. Qd2 Ng6 17. Bg3 Ra5 18. h4 Nh7 19. Bf2 Ne5 20. Bd4 f6 21. f4 Nf7
22. Bd3 Qe8 23. Qe2 c5 24. Bf2 Ra3 25. Rc1 Qe6 1/2-1/2

[Event "3. Solskinsturnering 1976"]
[Site "Aarhus"]
[Date "1976.07.??"]
[Round "1"]
[White "Nemet, Ivan"]
[Black "Rosell, Kaj"]
[Result "1-0"]
[WhiteElo "2455"]
[BlackElo "2200"]
[PlyCount "45"]
[EventDate "1976.??.??"]
[EventType "tourn"]
[EventRounds "11"]
[EventCountry "DEN"]

1. d4 Nf6 2. c4 e6 3. Nc3 Bb4 4. Qc2 c5 5. dxc5 Nc6 6. Nf3 Bxc5 7. Bg5 O-O 8.
e3 b6 9. a3 Bb7 10. Bd3 h6 11. h4 Be7 12. O-O-O Rc8 13. Bxf6 Bxf6 14. Ng5 Bxc3
15. Bh7+ Kh8 16. bxc3 Qe7 17. Bg8 f5 18. Rxd7 Qxd7 19. Bxe6 Qe7 20. Bxf5 Rc7
21. Be6 g6 22. Qxg6 Rf6 23. Qg8# 1-0

[Event "3. Solskinsturnering 1976"]
[Site "Aarhus"]
[Date "1976.07.??"]
[Round "1"]
[White "Rath, Ulrik"]
[Black "Rosenlund, Thorbjorn"]
[Result "1/2-1/2"]
[WhiteElo "2350"]
[BlackElo "2330"]
[PlyCount "81"]
[EventDate "1976.??.??"]
[EventType "tourn"]
[EventRounds "11"]
[EventCountry "DEN"]

1. Nf3 Nf6 2. d4 g6 3. Bf4 Bg7 4. e3 O-O 5. Be2 d6 6. O-O Nbd7 7. h3 Qe8 8. Bh2
e5 9. dxe5 Nxe5 10. Nxe5 dxe5 11. Na3 Qe7 12. Qe1 b6 13. Nc4 Ne4 14. Nd2 Nxd2
15. Qxd2 Rd8 16. Qc1 Bb7 17. Rd1 Rd6 18. Rxd6 Qxd6 19. Qd1 Rd8 20. Qxd6 Rxd6
21. Rd1 Rxd1+ 22. Bxd1 Kf8 23. Be2 Bd5 24. a3 Ke7 25. f3 f5 26. Kf2 c6 27. c3
a5 28. g4 b5 29. gxf5 gxf5 30. Bd3 e4 31. Bc2 b4 32. axb4 axb4 33. cxb4 Bxb2
34. fxe4 Bxe4 35. Ba4 Ba3 36. b5 cxb5 37. Bxb5 Bb2 38. Bc7 Kf6 39. Bd8+ Kg7 40.
Bb6 Be5 41. Bd4 1/2-1/2

[Event "3. Solskinsturnering 1976"]
[Site "Aarhus"]
[Date "1976.07.??"]
[Round "1"]
[White "Rukavina, Josip"]
[Black "Mortensen, Erling"]
[Result "1/2-1/2"]
[WhiteElo "2380"]
[BlackElo "2200"]
[PlyCount "44"]
[EventDate "1976.??.??"]
[EventType "tourn"]
[EventRounds "11"]
[EventCountry "DEN"]

1. Nf3 Nf6 2. g3 g6 3. Bg2 Bg7 4. O-O O-O 5. c4 d5 6. d4 Nc6 7. cxd5 Nxd5 8. e4
Nb6 9. d5 Na5 10. Nc3 c6 11. Nd4 e6 12. b3 exd5 13. Ba3 Re8 14. exd5 cxd5 15.
Rc1 Nc6 16. Ndb5 Be6 17. Nd6 Re7 18. Nxd5 Nxd5 19. Bxd5 Nd4 20. Bg2 Rb8 21. Ne4
Re8 22. Bc5 b6 1/2-1/2

[Event "3. Solskinsturnering 1976"]
[Site "Aarhus"]
[Date "1976.07.??"]
[Round "2"]
[White "Keene, Raymond"]
[Black "Rath, Ulrik"]
[Result "1/2-1/2"]
[WhiteElo "2460"]
[BlackElo "2350"]
[PlyCount "41"]
[EventDate "1976.??.??"]
[EventType "tourn"]
[EventRounds "11"]
[EventCountry "DEN"]

1. c4 Nf6 2. Nc3 c6 3. e4 d5 4. exd5 cxd5 5. d4 Nc6 6. Nf3 Bg4 7. cxd5 Nxd5 8.
Bb5 Qa5 9. Qb3 Nxc3 10. bxc3 Bxf3 11. gxf3 e6 12. d5 a6 13. dxc6 axb5 14. cxb7
Rb8 15. Rb1 Rxb7 16. a4 b4 17. Bd2 Qe5+ 18. Kf1 Qd6 19. Be1 Qd3+ 20. Kg2 Qg6+
21. Kf1 1/2-1/2

[Event "3. Solskinsturnering 1976"]
[Site "Aarhus"]
[Date "1976.07.??"]
[Round "2"]
[White "Mortensen, Erling"]
[Black "Rosenlund, Thorbjorn"]
[Result "0-1"]
[WhiteElo "2200"]
[BlackElo "2330"]
[PlyCount "108"]
[EventDate "1976.??.??"]
[EventType "tourn"]
[EventRounds "11"]
[EventCountry "DEN"]

1. c4 Nf6 2. Nc3 d5 3. cxd5 Nxd5 4. Nf3 g6 5. e4 Nxc3 6. dxc3 Qxd1+ 7. Kxd1 f6
8. e5 fxe5 9. Bc4 Bg4 10. Kc2 Nc6 11. b4 Bg7 12. Ng5 Bf5+ 13. Kb3 Nd8 14. Re1
h6 15. Nf3 Nf7 16. Nh4 Nd6 17. g4 Bxg4 18. Nxg6 Nxc4 19. Nxh8 Be6 20. Ng6 Kf7
21. Rg1 Rg8 22. h4 h5 23. f4 b5 24. a4 Ne3+ 25. Kb2 Nc4+ 26. Kb3 a6 27. axb5
axb5 28. Ra6 Bf6 29. Rxe6 Kxe6 30. fxe5 Nxe5 31. Nf4+ Kf7 32. Rxg8 Kxg8 33.
Nxh5 Bxh4 34. Nf4 c6 35. Ne6 Kf7 36. Nd4 Bf2 37. Bf4 Bxd4 38. cxd4 Nd7 39. Kc3
Nb6 40. Kd3 Nd5 41. Bd2 Ke6 42. Ke4 Nf6+ 43. Kd3 Kf5 44. Ke3 Nd5+ 45. Kd3 Nb6
46. Bh6 Nd5 47. Bd2 Nf4+ 48. Ke3 e6 49. Kf3 Nd5 50. Be1 e5 51. Ke2 e4 52. Bd2
Ke6 53. Be1 Ne7 54. Ke3 Kd5 0-1

[Event "3. Solskinsturnering 1976"]
[Site "Aarhus"]
[Date "1976.07.??"]
[Round "2"]
[White "Ogaard, Leif"]
[Black "Jakobsen, Ole"]
[Result "1/2-1/2"]
[WhiteElo "2490"]
[BlackElo "2435"]
[PlyCount "44"]
[EventDate "1976.??.??"]
[EventType "tourn"]
[EventRounds "11"]
[EventCountry "DEN"]

1. c4 e5 2. Nc3 Nf6 3. Nf3 Nc6 4. g3 Bb4 5. Bg2 O-O 6. O-O e4 7. Ne1 Bxc3 8.
dxc3 h6 9. Nc2 d6 10. Ne3 Re8 11. Qc2 Re5 12. Bd2 Bd7 13. f4 exf3 14. exf3 Qc8
15. g4 Re8 16. h3 Ne7 17. Rae1 c6 18. Bc1 Qc7 19. Qf2 Ng6 20. Qg3 Qa5 21. Qxd6
Qxa2 22. Rf2 Rad8 1/2-1/2

[Event "3. Solskinsturnering 1976"]
[Site "Aarhus"]
[Date "1976.07.??"]
[Round "2"]
[White "Rosell, Kaj"]
[Black "De Bruycker, Bernard"]
[Result "1/2-1/2"]
[WhiteElo "2200"]
[BlackElo "2370"]
[PlyCount "49"]
[EventDate "1976.??.??"]
[EventType "tourn"]
[EventRounds "11"]
[EventCountry "DEN"]

1. Nf3 Nf6 2. c4 g6 3. g3 Bg7 4. Bg2 O-O 5. O-O d5 6. cxd5 Nxd5 7. Nc3 Nc6 8.
Nxd5 Qxd5 9. d3 Bg4 10. h3 Bxf3 11. Bxf3 Qb5 12. Rb1 Nd4 13. Bg2 a5 14. Bd2 a4
15. Bc3 Rfd8 16. Qd2 Ra6 17. Rfc1 Rad6 18. e3 Ne6 19. Bxg7 Rxd3 20. Qc2 Rd2 21.
Qc3 Qf5 22. Rf1 Nxg7 23. Qxc7 R2d7 24. Qb6 Ne6 25. Rbc1 1/2-1/2

[Event "3. Solskinsturnering 1976"]
[Site "Aarhus"]
[Date "1976.07.??"]
[Round "2"]
[White "Rukavina, Josip"]
[Black "Fedder, Steen"]
[Result "1/2-1/2"]
[WhiteElo "2380"]
[BlackElo "2360"]
[PlyCount "66"]
[EventDate "1976.??.??"]
[EventType "tourn"]
[EventRounds "11"]
[EventCountry "DEN"]

1. Nf3 Nf6 2. c4 g6 3. b3 Bg7 4. Bb2 O-O 5. e3 c5 6. Be2 Nc6 7. O-O b6 8. d4
cxd4 9. Nxd4 Bb7 10. Bf3 Qb8 11. Nc3 Rd8 12. Re1 a6 13. Nd5 Nxd5 14. Bxd5 b5
15. Rc1 e6 16. Bf3 Nxd4 17. Bxd4 bxc4 18. Bxb7 Qxb7 19. Bxg7 Kxg7 20. Rxc4 d5
21. Qd4+ Kg8 22. Rc5 a5 23. Rec1 Rdc8 24. h4 h5 25. g3 Rxc5 26. Qxc5 Qb4 27.
Qxb4 axb4 28. Rc7 Rxa2 29. Rb7 Kg7 30. Rxb4 Kf6 31. Rb7 e5 32. b4 Rb2 33. b5 d4
1/2-1/2

[Event "3. Solskinsturnering 1976"]
[Site "Aarhus"]
[Date "1976.07.??"]
[Round "2"]
[White "Sloth, Jorn"]
[Black "Nemet, Ivan"]
[Result "1-0"]
[WhiteElo "2380"]
[BlackElo "2455"]
[PlyCount "121"]
[EventDate "1976.??.??"]
[EventType "tourn"]
[EventRounds "11"]
[EventCountry "DEN"]

1. Nf3 Nf6 2. c4 g6 3. g3 Bg7 4. Bg2 O-O 5. O-O d6 6. Nc3 Nc6 7. d3 e5 8. Bg5
h6 9. Bxf6 Bxf6 10. Rb1 a5 11. a3 Bg7 12. b4 axb4 13. axb4 Nd4 14. b5 Bg4 15.
Nxd4 exd4 16. Nd5 Ra2 17. Bf3 Bxf3 18. exf3 Re8 19. Re1 Rxe1+ 20. Qxe1 Ra3 21.
Qe4 Kh7 22. Nb4 Ra7 23. b6 cxb6 24. Nd5 Ra6 25. Kg2 h5 26. h4 Kh8 27. Nf4 Qd7
28. Rb5 Kg8 29. Nd5 Qe6 30. Rb3 Ra2 31. Nxb6 Bh6 32. Qxe6 fxe6 33. f4 Kf7 34.
Nc8 Bf8 35. Rxb7+ Ke8 36. Rb8 Kd7 37. Nb6+ Ke7 38. Rb7+ Ke8 39. Nd7 Be7 40. Nb8
Ra3 41. Nc6 Bf6 42. Rb8+ Kd7 43. Nb4 Rb3 44. Rb7+ Ke8 45. Kf3 d5 46. cxd5 exd5
47. Rb6 Bd8 48. Rb5 Rb2 49. Rb8 Kd7 50. Nc6 Rxb8 51. Nxb8+ Kd6 52. f5 gxf5 53.
Kf4 Ba5 54. Kxf5 Be1 55. f4 Bxg3 56. Kg5 Kc5 57. Na6+ Kb5 58. Nc7+ Kb4 59.
Nxd5+ Kb3 60. Kxh5 Kc2 61. Kg4 1-0

[Event "3. Solskinsturnering 1976"]
[Site "Aarhus"]
[Date "1976.07.??"]
[Round "3"]
[White "De Bruycker, Bernard"]
[Black "Sloth, Jorn"]
[Result "0-1"]
[WhiteElo "2370"]
[BlackElo "2380"]
[PlyCount "126"]
[EventDate "1976.??.??"]
[EventType "tourn"]
[EventRounds "11"]
[EventCountry "DEN"]

1. d4 Nf6 2. g3 d5 3. Bg2 c6 4. Nf3 Bf5 5. O-O e6 6. c4 Be7 7. Nc3 O-O 8. Nh4
Bg4 9. f3 Bh5 10. cxd5 Nxd5 11. e4 Nb6 12. a4 a5 13. b3 Bxh4 14. gxh4 Qxh4 15.
Be3 N8d7 16. Qd2 Qe7 17. Ne2 f6 18. Ng3 Bf7 19. Bh3 Rfd8 20. Qf2 Nc8 21. Kh1
Nd6 22. Rg1 Kh8 23. Rad1 Bg6 24. Ne2 Nf8 25. Qg3 Rd7 26. Nf4 f5 27. e5 Ne8 28.
Nd3 b6 29. Bf1 Nc7 30. Nf4 Nd5 31. Nxd5 exd5 32. Rc1 Rc7 33. Qh3 Qf7 34. Rg2 f4
35. Bg1 Ne6 36. Qh4 Bf5 37. Rd2 g5 38. Qh6 Rg8 39. Qf6+ Qxf6 40. exf6 Rf8 41.
Bd3 Bxd3 42. Rxd3 Rxf6 43. Rdc3 Nf8 44. b4 axb4 45. Rb3 Kg7 46. Rxb4 Nd7 47. h4
h6 48. Rb2 Kf7 49. a5 bxa5 50. Ra1 Ra7 51. Rba2 Ke6 52. Bf2 Kf5 53. hxg5 hxg5
54. Rxa5 Rxa5 55. Rxa5 g4 56. fxg4+ Kxg4 57. Kg1 Nb6 58. Ra7 Nc4 59. Kg2 Ne3+
60. Bxe3 fxe3 61. Re7 Rf2+ 62. Kg1 Kf3 63. Rf7+ Ke4 0-1

[Event "3. Solskinsturnering 1976"]
[Site "Aarhus"]
[Date "1976.07.??"]
[Round "3"]
[White "Fedder, Steen"]
[Black "Mortensen, Erling"]
[Result "1/2-1/2"]
[WhiteElo "2360"]
[BlackElo "2200"]
[PlyCount "52"]
[EventDate "1976.??.??"]
[EventType "tourn"]
[EventRounds "11"]
[EventCountry "DEN"]

1. d4 Nf6 2. c4 e6 3. g3 Bb4+ 4. Nd2 c5 5. dxc5 Nc6 6. Bg2 O-O 7. Ngf3 Bxc5 8.
O-O d5 9. cxd5 exd5 10. Nb3 Bb6 11. Nbd4 Re8 12. Be3 Ne4 13. Qa4 Bd7 14. Qa3
Qf6 15. Rfd1 Rac8 16. Qb3 Bg4 17. Qxd5 Rcd8 18. Qc4 Bxf3 19. exf3 Nxf2 20. Bxf2
Bxd4 21. Bxd4 Rxd4 22. Rxd4 Nxd4 23. Qa4 Re2 24. Qxa7 Rxg2+ 25. Kxg2 Qxf3+ 26.
Kh3 Qh5+ 1/2-1/2

[Event "3. Solskinsturnering 1976"]
[Site "Aarhus"]
[Date "1976.07.??"]
[Round "3"]
[White "Jakobsen, Ole"]
[Black "Rosell, Kaj"]
[Result "1/2-1/2"]
[WhiteElo "2435"]
[BlackElo "2200"]
[PlyCount "74"]
[EventDate "1976.??.??"]
[EventType "tourn"]
[EventRounds "11"]
[EventCountry "DEN"]

1. c4 b6 2. d4 Nf6 3. Nc3 Bb7 4. e3 e6 5. a3 d5 6. cxd5 exd5 7. Nf3 Be7 8. Bb5+
c6 9. Be2 O-O 10. O-O Nbd7 11. b3 Bd6 12. Bb2 Qe7 13. b4 a6 14. Qc2 Rfe8 15.
Rfe1 Ne4 16. Bf1 f5 17. g3 Kh8 18. Nh4 Rf8 19. f4 b5 20. Nf3 Nb6 21. Ne5 Nc4
22. Nxe4 fxe4 23. Bc3 a5 24. Bxc4 dxc4 25. Rab1 Rad8 26. bxa5 Bxa3 27. Qxe4 Bd6
28. a6 Ba8 29. Ba5 Rc8 30. Bb6 c5 31. d5 b4 32. Qxc4 Bxe5 33. fxe5 Qxe5 34. e4
Rf3 35. Bxc5 Rxg3+ 36. hxg3 Qxg3+ 37. Kh1 Qh3+ 1/2-1/2

[Event "3. Solskinsturnering 1976"]
[Site "Aarhus"]
[Date "1976.07.??"]
[Round "3"]
[White "Rath, Ulrik"]
[Black "Ogaard, Leif"]
[Result "1/2-1/2"]
[WhiteElo "2350"]
[BlackElo "2490"]
[PlyCount "87"]
[EventDate "1976.??.??"]
[EventType "tourn"]
[EventRounds "11"]
[EventCountry "DEN"]

1. d4 Nf6 2. c4 g6 3. Nc3 d5 4. Bg5 Ne4 5. Bh4 c5 6. cxd5 Nxc3 7. bxc3 Qxd5 8.
e3 Bg7 9. Qf3 Qd8 10. Bb5+ Nd7 11. Ne2 cxd4 12. exd4 O-O 13. O-O Nf6 14. Rfe1
Bg4 15. Qxb7 Rb8 16. Qa6 Nd5 17. Bc4 Bxe2 18. Bxe2 Nxc3 19. Bf3 Qxd4 20. Bxe7
Rfe8 21. Bg5 Re6 22. Qa3 Qd3 23. Qxa7 Rxe1+ 24. Rxe1 Rb1 25. Qa8+ Bf8 26. Qe8
Ne2+ 27. Qxe2 Qxe2 28. Rxb1 Qxa2 29. Rc1 Qe6 30. Be3 Ba3 31. Ra1 Qe7 32. g3 Qf6
33. Rxa3 Qxf3 34. Ra1 Kg7 35. Re1 Kf6 36. Bd2 Kf5 37. h3 g5 38. Be3 Kg6 39. Rb1
f6 40. Kh2 Qd5 41. Rb4 h6 42. h4 f5 43. hxg5 hxg5 44. Bxg5 1/2-1/2

[Event "3. Solskinsturnering 1976"]
[Site "Aarhus"]
[Date "1976.07.??"]
[Round "3"]
[White "Rosenlund, Thorbjorn"]
[Black "Keene, Raymond"]
[Result "0-1"]
[WhiteElo "2330"]
[BlackElo "2460"]
[PlyCount "60"]
[EventDate "1976.??.??"]
[EventType "tourn"]
[EventRounds "11"]
[EventCountry "DEN"]

1. Nf3 b6 2. g3 Bb7 3. Bg2 g6 4. O-O Bg7 5. c4 c5 6. Nc3 Nf6 7. b3 Ne4 8. Bb2
Nxc3 9. Bxc3 Bxc3 10. dxc3 d6 11. Qd2 Nc6 12. Bh3 Bc8 13. Qh6 Bxh3 14. Qxh3 Qd7
15. Qxd7+ Kxd7 16. Nd2 Rhb8 17. a3 Rb7 18. f4 a6 19. Kf2 Rc8 20. e4 b5 21. b4
Na7 22. Rfc1 Ke8 23. Ke3 bxc4 24. Nxc4 cxb4 25. cxb4 Rbc7 26. Kd3 f5 27. exf5
d5 28. fxg6 dxc4+ 29. Rxc4 Rxc4 30. gxh7 Rc3+ 0-1

[Event "3. Solskinsturnering 1976"]
[Site "Aarhus"]
[Date "1976.07.??"]
[Round "4"]
[White "Fedder, Steen"]
[Black "Nemet, Ivan"]
[Result "1/2-1/2"]
[WhiteElo "2360"]
[BlackElo "2455"]
[PlyCount "102"]
[EventDate "1976.??.??"]
[EventType "tourn"]
[EventRounds "11"]
[EventCountry "DEN"]

1. d4 Nf6 2. c4 g6 3. Nc3 Bg7 4. e4 d6 5. Be2 O-O 6. Nf3 Nbd7 7. O-O e5 8. Re1
c6 9. Bf1 a5 10. b3 exd4 11. Nxd4 Re8 12. Bb2 Nc5 13. Qc2 a4 14. Rad1 Qa5 15.
Kh1 Nfd7 16. Nde2 Ne5 17. Nd4 axb3 18. axb3 Qb4 19. f3 Be6 20. Ncb5 cxb5 21.
Bc3 Qxc3 22. Qxc3 Nc6 23. Qe3 Nxd4 24. Rxd4 Bxd4 25. Qxd4 Nxb3 26. Qc3 bxc4 27.
Bxc4 Rac8 28. Qxb3 Bxc4 29. Qxb7 d5 30. h4 Rb8 31. Qa7 h5 32. e5 Ra8 33. Qd4
Re6 34. Kh2 Kg7 35. Rb1 Rae8 36. Rb7 Kg8 37. Qf4 R6e7 38. Rxe7 Rxe7 39. g4 hxg4
40. fxg4 Re6 41. h5 gxh5 42. gxh5 Be2 43. h6 Bd3 44. Qg5+ Rg6 45. Qf4 Re6 46.
Qg5+ Rg6 47. Qd8+ Kh7 48. Qxd5 Rxh6+ 49. Kg3 Bg6 50. Qd7 Bh5 51. Kh4 Be2+
1/2-1/2

[Event "3. Solskinsturnering 1976"]
[Site "Aarhus"]
[Date "1976.07.??"]
[Round "4"]
[White "Mortensen, Erling"]
[Black "Keene, Raymond"]
[Result "0-1"]
[WhiteElo "2200"]
[BlackElo "2460"]
[PlyCount "54"]
[EventDate "1976.??.??"]
[EventType "tourn"]
[EventRounds "11"]
[EventCountry "DEN"]

1. Nf3 b6 2. e4 Bb7 3. Nc3 e6 4. d4 Bb4 5. Bd3 Nf6 6. Qe2 d5 7. exd5 Nxd5 8.
Bd2 Nxc3 9. bxc3 Be7 10. O-O O-O 11. Rad1 Nd7 12. Bf4 Nf6 13. c4 c5 14. dxc5
Qe8 15. cxb6 axb6 16. Ne5 Rxa2 17. Bg5 Kh8 18. Qe3 Ra5 19. Bxf6 Bxf6 20. Qxb6
Qa8 21. Nd7 Bxg2 22. Nxf8 Rg5 23. f4 Bxf1+ 24. Kxf1 Qg2+ 25. Ke1 Re5+ 26. fxe5
Bh4+ 27. Qf2 Qxf2# 0-1

[Event "3. Solskinsturnering 1976"]
[Site "Aarhus"]
[Date "1976.07.??"]
[Round "4"]
[White "Ogaard, Leif"]
[Black "Rosenlund, Thorbjorn"]
[Result "1-0"]
[WhiteElo "2490"]
[BlackElo "2330"]
[PlyCount "51"]
[EventDate "1976.??.??"]
[EventType "tourn"]
[EventRounds "11"]
[EventCountry "DEN"]

1. Nf3 Nf6 2. c4 c5 3. Nc3 d5 4. cxd5 Nxd5 5. g3 Nc6 6. Bg2 Nc7 7. O-O e5 8. a3
f6 9. d3 Be7 10. Nd2 Qd7 11. Rb1 b5 12. Nb3 Rb8 13. Be3 Ne6 14. Ne4 Ncd4 15.
Rc1 c4 16. Bxd4 Nxd4 17. dxc4 bxc4 18. Nxd4 Qxd4 19. Qxd4 exd4 20. Rxc4 Ba6 21.
Rxd4 Rxb2 22. Ra4 Bxe2 23. Re1 O-O 24. Nc3 Bd3 25. Bd5+ Kh8 26. Rxe7 1-0

[Event "3. Solskinsturnering 1976"]
[Site "Aarhus"]
[Date "1976.07.??"]
[Round "4"]
[White "Rosell, Kaj"]
[Black "Rath, Ulrik"]
[Result "1/2-1/2"]
[WhiteElo "2200"]
[BlackElo "2350"]
[PlyCount "29"]
[EventDate "1976.??.??"]
[EventType "tourn"]
[EventRounds "11"]
[EventCountry "DEN"]

1. Nf3 Nf6 2. c4 c6 3. b3 d5 4. Bb2 Bf5 5. g3 e6 6. Bg2 Nbd7 7. O-O h6 8. d3
Be7 9. Nbd2 O-O 10. Qc2 Bh7 11. a3 a5 12. Ne5 Bd6 13. Ndf3 Nxe5 14. Bxe5 Bxe5
15. Nxe5 1/2-1/2

[Event "3. Solskinsturnering 1976"]
[Site "Aarhus"]
[Date "1976.07.??"]
[Round "4"]
[White "Rukavina, Josip"]
[Black "De Bruycker, Bernard"]
[Result "0-1"]
[WhiteElo "2380"]
[BlackElo "2370"]
[PlyCount "76"]
[EventDate "1976.??.??"]
[EventType "tourn"]
[EventRounds "11"]
[EventCountry "DEN"]

1. Nf3 Nf6 2. g3 g6 3. b3 Bg7 4. Bb2 b6 5. Bg2 Bb7 6. O-O O-O 7. c4 c5 8. Nc3
d5 9. cxd5 Nxd5 10. Na4 Bxb2 11. Nxb2 Qc8 12. Rc1 Rd8 13. a3 Nc6 14. Nc4 f6 15.
Qc2 e5 16. e3 Qe6 17. d3 Rac8 18. Rfd1 Nde7 19. Qb1 Ba6 20. Ne1 Rc7 21. b4 cxb4
22. axb4 Bb5 23. Qb3 Nb8 24. Rc3 Kg7 25. Rdc1 Rdc8 26. R3c2 Na6 27. Ra2 e4 28.
Bf1 exd3 29. Bxd3 Nc6 30. Nc2 Ne5 31. Nd4 Qd5 32. Be2 Rxc4 33. Bxc4 Rxc4 34.
Rd1 Nf3+ 35. Nxf3 Qxf3 36. Qd3 Bc6 37. e4 Qxd3 38. Rxd3 Rc1+ 0-1

[Event "3. Solskinsturnering 1976"]
[Site "Aarhus"]
[Date "1976.07.??"]
[Round "4"]
[White "Sloth, Jorn"]
[Black "Jakobsen, Ole"]
[Result "1/2-1/2"]
[WhiteElo "2380"]
[BlackElo "2435"]
[PlyCount "33"]
[EventDate "1976.??.??"]
[EventType "tourn"]
[EventRounds "11"]
[EventCountry "DEN"]

1. c4 Nf6 2. Nf3 c5 3. b3 g6 4. Bb2 Bg7 5. g3 O-O 6. Bg2 Nc6 7. O-O d6 8. d4
cxd4 9. Nxd4 Bd7 10. Nc3 Qa5 11. Rc1 Rfc8 12. e3 a6 13. Qe2 Rab8 14. Rfd1 Bg4
15. f3 Bd7 16. Nxc6 bxc6 17. c5 1/2-1/2

[Event "3. Solskinsturnering 1976"]
[Site "Aarhus"]
[Date "1976.07.??"]
[Round "5"]
[White "De Bruycker, Bernard"]
[Black "Fedder, Steen"]
[Result "0-1"]
[WhiteElo "2370"]
[BlackElo "2360"]
[PlyCount "140"]
[EventDate "1976.??.??"]
[EventType "tourn"]
[EventRounds "11"]
[EventCountry "DEN"]

1. g3 Nf6 2. Bg2 d5 3. Nf3 g6 4. d4 Bg7 5. c4 dxc4 6. O-O O-O 7. Qa4 Nc6 8.
Qxc4 Nd7 9. e3 e5 10. dxe5 Ncxe5 11. Qc2 Nxf3+ 12. Bxf3 Ne5 13. Bg2 c6 14. Nc3
Qd3 15. Qxd3 Nxd3 16. Rd1 Nxc1 17. Raxc1 Be6 18. b3 Rfd8 19. Na4 Bf8 20. Bf3
Rxd1+ 21. Rxd1 Be7 22. Kf1 Rd8 23. Rxd8+ Bxd8 24. Nc5 Bc8 25. h4 h5 26. Ne4 Bc7
27. Ke2 Kf8 28. Kd2 Ke7 29. Be2 Ba5+ 30. Kd1 Bb4 31. Bc4 b5 32. Be2 a5 33. Bf3
Be6 34. Ng5 Bd7 35. Be4 a4 36. Nf3 axb3 37. axb3 Kd6 38. Ng5 Be8 39. Bd3 Ke7
40. Ke2 Bd7 41. Be4 f6 42. Nf3 Be8 43. Nd4 Kd6 44. Bd3 Ba5 45. Kd1 Kc5 46. Be4
Bc3 47. Ne6+ Kb4 48. Bc2 f5 49. Ke2 Bf6 50. Kd2 Bf7 51. Nf4 Bxb3 52. Nxg6 Bxc2
53. Kxc2 Ka3 54. Nf4 Ka2 55. Nd3 Be7 56. Nc1+ Ka3 57. Nb3 c5 58. f3 c4 59. Na5
Bf6 60. e4 fxe4 61. fxe4 Be5 62. g4 hxg4 63. Nc6 Bf6 64. e5 Bxh4 65. Nd4 b4 66.
Nf5 b3+ 67. Kb1 c3 68. Nxh4 c2+ 69. Kc1 b2+ 70. Kxc2 Ka2 0-1

[Event "3. Solskinsturnering 1976"]
[Site "Aarhus"]
[Date "1976.07.??"]
[Round "5"]
[White "Jakobsen, Ole"]
[Black "Rukavina, Josip"]
[Result "1-0"]
[WhiteElo "2435"]
[BlackElo "2380"]
[PlyCount "115"]
[EventDate "1976.??.??"]
[EventType "tourn"]
[EventRounds "11"]
[EventCountry "DEN"]

1. c4 g6 2. e4 Bg7 3. d4 d6 4. Nc3 Nd7 5. Nf3 e5 6. Be2 Nh6 7. h4 f6 8. h5 g5
9. d5 a5 10. Nd2 O-O 11. g4 c5 12. f3 Nb8 13. Bd3 Na6 14. a3 Bd7 15. Bc2 Nc7
16. Ba4 Qe8 17. Bxd7 Qxd7 18. Qe2 Rfb8 19. Nf1 b5 20. cxb5 Nxb5 21. Nxb5 Rxb5
22. Ne3 Bf8 23. a4 Rb7 24. Qc2 Be7 25. Bd2 Bd8 26. Bc3 Bc7 27. Nc4 Kf7 28. Ra3
Ke8 29. Kd2 Ng8 30. Rb3 Rxb3 31. Qxb3 Rb8 32. Qc2 Ra8 33. Ra1 Ne7 34. Ra3 Nc8
35. Qb3 Rb8 36. Qa2 Qd8 37. Rb3 Rb4 38. Bxb4 cxb4 39. Rd3 Bb8 40. Qb3 Ba7 41.
Qc2 Bc5 42. Ke2 Qc7 43. Rd1 Qa7 44. Qd3 Kd8 45. Rc1 Nb6 46. b3 Na8 47. Ne3 Nc7
48. Nf5 Kd7 49. Qc4 Qb6 50. Kd3 Kd8 51. h6 Kd7 52. Ng7 Ke7 53. Ne6 Nxe6 54.
dxe6 Qc6 55. Kc2 Qc8 56. Kd3 Qc6 57. Rc2 Qb6 58. Qd5 1-0

[Event "3. Solskinsturnering 1976"]
[Site "Aarhus"]
[Date "1976.07.??"]
[Round "5"]
[White "Keene, Raymond"]
[Black "Ogaard, Leif"]
[Result "0-1"]
[WhiteElo "2460"]
[BlackElo "2490"]
[PlyCount "68"]
[EventDate "1976.??.??"]
[EventType "tourn"]
[EventRounds "11"]
[EventCountry "DEN"]

1. Nf3 Nf6 2. g3 d5 3. Bg2 c6 4. O-O Bf5 5. d3 e6 6. Nbd2 h6 7. Qe1 Be7 8. e4
Bh7 9. e5 Nfd7 10. Qe2 c5 11. Re1 Nc6 12. Nf1 Rc8 13. Bd2 b5 14. b3 O-O 15. g4
c4 16. bxc4 bxc4 17. dxc4 dxc4 18. Bc3 Bb4 19. Qd2 Qe7 20. Ne3 Rfd8 21. Bxb4
Nxb4 22. Qc3 Nb6 23. Qa3 Kf8 24. c3 Nd3 25. Qxe7+ Kxe7 26. Rf1 Na4 27. Nd4 Nxe5
28. f4 Nxc3 29. Ndf5+ exf5 30. fxe5 fxg4 31. Nxg4 Rd2 32. Ne3 Ne2+ 33. Kh1 c3
34. e6 fxe6 0-1